00929cam a22002051 450000500170000000800410001704000370005804100080009504400070010308200160011010000320012624502130015826000570037130000820042849000420051050400320055265000300058470000650061470000440067920160317111119.0800610s1944 ag ab b 000 0 spa  aDLCcTxCMdOCoLCdDLCdCo-BoIAvH1 aspa aag14a581.7bW36e1 aWeaver, John E.d1884-1966.10aEcología vegetal,cpor John E. Weaver ... y Frederic E. Clements ... Traducido de la segunda edición en inglés por Ángel L. Cabrera ... Prólogo para la edición española por Lorenzo R. Parodi ... aBuenos Aires:bAcme Agency, soc. resp. Ltda.,c1944. a667 páginas, bilustraciones blanco y negro, diagramas, c23 centímetros.0 aCiencias biológicas y agronómicas aBibliografía: p. 603-647. 0aEcología de las plantas1 aClements, Frederic E.q(Frederic Edward),d1874-1945,eautor1 aCabrera, Angel Lulio,d1908-etraductor